|
|
|
|
| LEADER |
01215nam a2200337 a 4500 |
| 001 |
000248928 |
| 003 |
CZ BrMZK |
| 005 |
20240510113959.0 |
| 008 |
960815s1997 xr e f 0 cze d |
| 020 |
|
|
|a 80-7214-018-3
|
| 040 |
|
|
|a BOA001
|b cze
|
| 072 |
|
7 |
|a 133
|x Ezoterismus. Okultismus
|2 Konspekt
|9 17
|
| 080 |
|
|
|a 133.522.2
|2 MRF
|
| 080 |
|
|
|a 133.526
|2 MRF
|
| 080 |
|
|
|a (035)
|2 MRF
|
| 245 |
0 |
0 |
|a Horoskopy na rok 1998 - Rak :
|b 21.6.-22.7. : průvodce vaším osudem po celý rok 1998 /
|c [připravily Eva Evanová, Jitka Saniová a Alena Zatloukalová]
|
| 246 |
1 |
4 |
|a Rak na celý rok 1998
|
| 250 |
|
|
|a Vyd. 1.
|
| 260 |
|
|
|a Praha :
|b Baronet,
|c 1997
|
| 300 |
|
|
|a 94 s. :
|b il. ;
|c 18 cm
|
| 490 |
1 |
|
|a Unikátní série
|
| 650 |
0 |
7 |
|a Rak (astrologie)
|7 ph118042
|2 czenas
|
| 650 |
0 |
7 |
|a horoskopy
|7 ph114697
|2 czenas
|
| 655 |
|
7 |
|a příručky
|7 fd133209
|2 czenas
|
| 700 |
1 |
|
|a Zatloukalová, Alena
|7 jx20040610015
|4 com
|
| 700 |
1 |
|
|a Evanová, Eva,
|d 1934-
|7 jn19981001001
|4 aut
|
| 700 |
1 |
|
|a Sani, Jitka,
|d 1969-
|7 jx20040608001
|4 com
|
| 830 |
|
0 |
|a Unikátní série
|
| 910 |
|
|
|a BOA001
|b Z-1038.828
|
| 990 |
|
|
|a BK
|
| 996 |
6 |
|
|b 2610060934
|c Z-1038.828
|l MZK
|r Sklad / do 24 hodin
|n 0
|p p.v.
|w 000248928
|u 000010
|a 1
|e BOA001
|j MZK50
|s P
|